El poblado cristiano de la isla de Abkanarti en la segunda catarata del Nilo <Sudan>
محفوظ في:
المؤلف الرئيسي:
التنسيق: كتاب
اللغة: Undetermined
منشور في:
Madrid :
Minist. de asuntos exteriores, Dir. gen de relaciones culturales,
1965
الوسوم: إضافة وسم
لا توجد وسوم, كن أول من يضع وسما على هذه التسجيلة!
رقم الطلب: DT135.N8 M64 v.7
| LEADER | 00573cam a2200169Mi 4500 | ||
|---|---|---|---|
| 001 | ocn164998589 | ||
| 003 | OCoLC | ||
| 005 | 20240131130639.0 | ||
| 008 | 981216s1965 xx 000 0 und d | ||
| 050 | 4 | |a DT135.N8 |b M64 v.7 | |
| 100 | 1 | |a Presedo Velo, Francisco J. | |
| 245 | 1 | 0 | |a El poblado cristiano de la isla de Abkanarti en la segunda catarata del Nilo <Sudan> |
| 264 | 1 | |a Madrid : |b Minist. de asuntos exteriores, Dir. gen de relaciones culturales, |c 1965 | |
| 336 | |a text |b txt |2 rdacontent | ||
| 337 | |a unmediated |b n |2 rdamedia | ||
| 338 | |a volume |b nc |2 rdacarrier | ||
| 999 | |c 55757 |d 55757 | ||
